000 00244nam a2200109Ia 4500
008 231017s9999 xx 000 0 und d
082 _a624
082 _bGEO
245 0 _aGeotechnical Series: Expansive Soils
300 _c30cm
942 _cREP
999 _c604058
_d604058